000 00713nam a2200217 i 4500
001 101139
003 ES-MaACL
005 20250829062540.0
007 t|
008 051013s1954 zzz ||||1| fre d
100 1 _aMaurois, André,
_d1885-1967
_979267
245 1 0 _aOlympio ou la vie de Victor Hugo /
_cAndré Maurois, [seud.] de Emile Herzog.
260 _a[s.l.] ;
_aParis :
_bHachette,
_c1954.
300 _a604 p. ;
_c20 cm.
490 1 _aLes grands écrivains. Hier-Aujourd'hui
600 1 4 _aHugo, Victor,
_d1802-1885
_964627
830 0 _aLes grands écrivains. Hier-Aujourd'hui
_9232466
852 _aES-MaACL
_jC-9145
_bR.36407
852 _aES-MaACL
_jC-9270
_bR.37290
999 _c101139
_d101139